00683nam a2200205Ia 4500952014400000999001500144003000400159005001700163008004100180020001500221040000900236082001900245100002600264245005600290250001200346260005300358300000900411650001300420942004400433 00102ddc40708COMPUTER SCIENCEaMESbMEScCOMPd2019-02-20g320.00l0o005.133 LAF/Op31348r2019-02-20 00:00:00w2019-02-20yBKzGL31R3 c8914d8914OSt20201009100315.0190216s9999||||xx |||||||||||||| ||und|| a8175152699 coclc a005.133bLAF/O aLafore, Robert 95501 0aObject Oriented Programming In C++ /cRobert Lafore a3rd Ed. bGalgotia Publication Pvt Ltd,aNew Delhi:c2006. a925p aComputer cBK2ddch005.133iLAF/Ok005.133mLAF/O